000 00462nam a2200169Ia 4500
999 _c20561
_d20561
003 OSt
005 20200605155131.0
008 190216s9999||||xx |||||||||||||| ||und||
040 _coclc
082 _a327.54
_bGHA/F
100 _aGhai, U R
_92565
245 0 _aForeign Policy Of India /
_cU R Ghai
250 _a7th Ed.
260 _bNew Heights,
_c1997.
_aJalandhar:
300 _a644p
942 _cBK
_2ddc
_h327.54
_iGHA/F
_k327.54
_mGHA/F